00174nam a2200073Ia 4500008004100000020000600041100002000047245003300067211105s9999 xx 000 0 und d a" aMartin, Wille  0aMaanlig oor die Cordilleras